00774nam a22002411 4500001001300000003000400013005001700017008004100034010001700075025001900092043001200111050001800123082001500141110012400156245001200280260009600292300002300388350001800411500001700429650003600446651003300482999001700515sa 68004068 DLC20260227112458.0711108s1966 ii s 00000 eng  asa 68004068  aPL480:I-E-9579 aa-ii---0 aHD2071b.A589 a338.1/095410aIndia (Republic).bWorking Group for the Formulation of the Fourth Five Year Plan Proposals on Agricultural Statistics.00aReport.0 a[New Delhi]bMinistry of Food and Agriculture, Dept. of Agriculture, Govt. of Indiac[1966] aiv, 163 p.c24 cm. aRs3.70a$1.34 aCover title. 0aAgriculturezIndiaxStatistics. 0aIndiaxStatistical services. c79945d79945